ا سلا م ا و ر ضبط و لا د ت (Record no. 169201)

MARC details
000 -LEADER
fixed length control field 00725nam a22001937a 4500
005 - DATE AND TIME OF LATEST TRANSACTION
control field 20191107165849.0
010 ## - LCCN (DPL NO)
LC control number UR-10581
020 ## - INTERNATIONAL STANDARD BOOK NUMBER
Terms of availability 80.00
International Standard Book Number 818088063X
035 ## - SYSTEM CONTROL NUMBER
System control number U-9136
037 ## - SOURCE OF ACQUISITION
Source of stock number/acquisition DBAD/PUB
Stock number -
082 ## - DEWEY DECIMAL CLASSIFICATION NUMBER
Classification number 270.566
100 ## - MAIN ENTRY--PERSONAL NAME
Personal name سيد عبد الا علی مو د و د ی
245 ## - TITLE STATEMENT
Title ا سلا م ا و ر ضبط و لا د ت
Statement of responsibility, etc سيد عبد الا علی مو د و د ی
246 ## - VARYING FORM OF TITLE
Remainder of title Islam Aur Zabt Wiladat (Urdu)
Title proper/short title Syed Abul Aala Modudi
260 ## - PUBLICATION, DISTRIBUTION, ETC. (IMPRINT)
Place of publication, distribution, etc N.Delhi
Name of publisher, distributor, etc Markazi Maktaba Islami Publishers
Date of publication, distribution, etc 2013 ء
270 ## - ADDRESS
Address D-307,Dawat Nagar,Abul Fazal Enclave,Jamia Nagar,
City N.Delhi
Postal code 110025
Telephone number 26971652
Fax number -
300 ## - PHYSICAL DESCRIPTION
Extent 158ص
Dimensions 22 Cm(Hb)
942 ## - ADDED ENTRY ELEMENTS (KOHA)
Source of classification or shelving scheme Dewey Decimal Classification
Item type Urdu Bks
Classification part 270.566
Call number suffix ا ب و
Holdings
Withdrawn status Lost status Not for loan Collection code Home library Current library Date acquired Source of acquisition Cost, normal purchase price Full call number Barcode Copy number Cost, replacement price Koha item type
    Not For Loan Non-fiction D.B.Act.Division D.B.Act.Division 07/11/2019 DBAD/PUB 80.00 270.566 ا ب و U-9136 1 80.00 Urdu Bks

© Delhi Public Library
Hit Counter
free hit counter